Market towns and spatial development in India (Record no. 375372)

000 -LEADER
fixed length control field 00446cam a22001217a 4500
008 - FIXED-LENGTH DATA ELEMENTS--GENERAL INFORMATION
fixed length control field 180718b1965 xxu||||| |||| 00| 0 eng d
082 ## - DEWEY DECIMAL CLASSIFICATION NUMBER
Classification number T3444x54 N213
245 ## - TITLE STATEMENT
Title Market towns and spatial development in India
Statement of responsibility, etc. by National Council of Applied Economic Reserach
260 ## - PUBLICATION, DISTRIBUTION, ETC.
Place of publication, distribution, etc. New Delhi
Name of publisher, distributor, etc. National Council of Applied Economic Reserach
Date of publication, distribution, etc. 1965
300 ## - PHYSICAL DESCRIPTION
Extent 162p.
650 ## - SUBJECT ADDED ENTRY--TOPICAL TERM
Topical term or geographic name entry element Markets - India
700 ## - ADDED ENTRY--PERSONAL NAME
Personal name National Council of Applied Economic Reserach
Holdings
Withdrawn status Lost status Damaged status Not for loan Permanent Location Current Location Date acquired Full call number Barcode Date last seen Price effective from Koha item type
        Indian Institute of Public Administration Indian Institute of Public Administration 2009-02-02 T3444x54 N213 DA384 2018-07-21 2018-07-21 DA
        Indian Institute of Public Administration Indian Institute of Public Administration 1994-07-21 T3444x54 N213 38495 2018-07-21 2018-07-21 Book

Powered by Koha